[Event "Africa Cup"]
[Site "SchemingMind.com"]
[Date "2011.05.09"]
[Round "-"]
[White "Clive Everill"]
[Black "kenneth m day"]
[Result "1-0"]
[WhiteCountry "CZE"]
[BlackCountry "USA"]
[WhiteElo "1747"]
[WhiteRD "51"]
[BlackElo "1952"]
[BlackRD "77"]
[GameID "283510"]

1. e4 e6 2. d4 d5 3. Nd2 Nf6 4. e5 Nfd7 5. c3 c5 6. Bd3 Nc6 7. Ngf3 Be7 8. O-O g5 9. a3 g4 10. Ne1 h5
11. Nc2 f6 12. Bg6+ Kf8 13. Bd3 fxe5 14. dxc5 Nxc5 15. Be2 Bg5 16. f3 Ke8 17. fxg4 hxg4 18. Bxg4 Qb6 19. Kh1 Nd3 20. Qf3 e4
21. Qf7+ Kd8 22. Nc4 Nxc1 23. Nxb6 axb6 24. Raxc1 Bxc1 25. Qf6+
1-0

[Event "Africa Cup"]
[Site "SchemingMind.com"]
[Date "2011.05.09"]
[Round "-"]
[White "kenneth m day"]
[Black "Clive Everill"]
[Result "1-0"]
[WhiteCountry "USA"]
[BlackCountry "CZE"]
[WhiteElo "1904"]
[WhiteRD "73"]
[BlackElo "1740"]
[BlackRD "56"]
[GameID "283513"]

1. Nf3 d5 2. d4 c5 3. c3 Nf6 4. Bf4 Nc6 5. e3 Qb6 6. b3 Bg4 7. Be2 e6 8. h3 Bh5 9. Bd3 Ne4 10. Nbd2 Nxc3
11. Qc2 cxd4 12. Nxd4 Bb4 13. a3 Nxd4 14. exd4 Ba5 15. Be3 Qc6 16. b4 Bd8 17. Rc1 Rc8 18. Qb2 Na4 19. Rxc6 Nxb2 20. Rxc8 Nxd3+
21. Kf1 Kd7 22. Ra8 a6 23. g4 Bg6 24. Ke2 Re8 25. Rd1 Nb2 26. Rc1 Bd3+ 27. Ke1 Bb5 28. Rc3 Na4 29. Rc2 Re7 30. Nb3 f6
31. Nc5+ Nxc5 32. Rxc5 Bc6 33. Kd2 h6 34. Kc2 Bb6 35. Rc3 e5 36. dxe5 fxe5 37. Bxb6 Rf7 38. Rd8+ Ke6 39. Kd1 d4 40. Rxc6+ bxc6
41. Ke2 Rd7 42. Rxd7 Kxd7 43. Bc5 Ke6 44. Kd3 Kd5 45. f3 g6 46. Bf8 h5 47. gxh5 gxh5 48. Bg7 c5 49. bxc5 Kxc5 50. Bxe5
1-0

[Event "Africa Cup"]
[Site "SchemingMind.com"]
[Date "2011.05.11"]
[Round "-"]
[White "docjan"]
[Black "Timaeus"]
[Result "1-0"]
[WhiteCountry "SWE"]
[BlackCountry "JPN"]
[WhiteElo "2184"]
[WhiteRD "71"]
[BlackElo "1433"]
[BlackRD "64"]
[GameID "283567"]

1. e4 Nc6 2. d4 e5 3. d5 Nd4 4. c3 Nb5 5. Bxb5 c6 6. dxc6 bxc6 7. Bd3 d6 8. Qe2 g6 9. Nf3 Bh6 10. Bxh6 Nxh6
11. O-O Ng4 12. Nbd2 O-O 13. Rad1 Be6 14. Bc4 Re8 15. Bxe6 Rxe6 16. Nc4 d5 17. h3 Nf6 18. exd5 cxd5 19. Ncxe5 Rc8 20. Ng5 Re7
21. Rfe1 Ne4 22. Nxe4 Rxe5 23. Nf6+ Qxf6 24. Qxe5 Qxe5 25. Rxe5
1-0

[Event "Africa Cup"]
[Site "SchemingMind.com"]
[Date "2011.05.11"]
[Round "-"]
[White "Timaeus"]
[Black "docjan"]
[Result "0-1"]
[WhiteCountry "JPN"]
[BlackCountry "SWE"]
[WhiteElo "1433"]
[WhiteRD "64"]
[BlackElo "2184"]
[BlackRD "71"]
[GameID "283570"]

1. d4 Nf6 2. c4 g6 3. Nc3 d6 4. e4 Bg7 5. Nf3 O-O 6. h3 e5 7. d5 Nbd7 8. Be3 a5 9. Qb3 b6 10. Be2 Nc5
11. Bxc5 bxc5 12. O-O Bd7 13. a4 Rb8 14. Nb5 Nxe4 15. Bd3 Ng5 16. Nxg5 Qxg5 17. Be4 f5 18. Bc2 c6 19. dxc6 Bxc6 20. f3 e4
21. Rad1 exf3 22. Rxf3 Bd4+ 23. Rxd4 cxd4 24. Rg3 Qc1+ 25. Bd1 Rfe8 26. Nxd4 Rxb3 27. Nxb3 Qxd1+ 28. Kh2 Re1 29. Rg5 f4 30. Rg4 Rh1#
0-1

[Event "Africa Cup"]
[Site "SchemingMind.com"]
[Date "2011.05.18"]
[Round "-"]
[White "emvarela"]
[Black "John Hamer"]
[Result "0-1"]
[WhiteCountry "ARG"]
[BlackCountry "ENG"]
[WhiteElo "1785"]
[WhiteRD "50"]
[BlackElo "2038"]
[BlackRD "63"]
[GameID "284019"]

1. e4 e5 2. Nf3 Nf6 3. Nxe5 d6 4. Nf3 Nxe4 5. d4 d5 6. Bd3 Nc6 7. O-O Be7 8. Re1 Bf5 9. c4 Nb4 10. cxd5 Nxd3
11. Qxd3 Qxd5 12. Nc3 Nxc3 13. Qxc3 c6 14. Be3 O-O 15. h3= Bxh3 16. Bf4 Be6 17. g3 Rfe8 18. Ne5 Bh3 19. f3 Rad8 20. Rad1 g5
21. Nxf7 Qxf7 22. Be5 Rf8 23. Re3 Qxa2 24. Rde1 a5 25. f4 Bb4 26. Qb3+ Qxb3
0-1

[Event "Africa Cup"]
[Site "SchemingMind.com"]
[Date "2011.05.18"]
[Round "-"]
[White "John Hamer"]
[Black "emvarela"]
[Result "1-0"]
[WhiteCountry "ENG"]
[BlackCountry "ARG"]
[WhiteElo "2038"]
[WhiteRD "63"]
[BlackElo "1785"]
[BlackRD "50"]
[GameID "284023"]

1. d4 Nf6 2. Nf3 e6 3. c4 b6 4. Nc3 Bb4 5. e3 Bb7 6. Bd3 Ne4 7. Qc2 f5 8. O-O Bxc3 9. bxc3 Qf6 10. Rb1 Ng5
11. Ne1 h5 12. Ba3 d6 13. f3 Nd7 14. e4 fxe4 15. fxe4 Qe7 16. e5 c5 17. Bg6+ Kd8 18. exd6 Qxd6 19. Bc1
1-0

[Event "Africa Cup"]
[Site "SchemingMind.com"]
[Date "2011.05.19"]
[Round "-"]
[White "Olli Ylönen"]
[Black "mugen9x9"]
[Result "1/2-1/2"]
[WhiteCountry "FIN"]
[BlackCountry "JPN"]
[WhiteElo "1692"]
[WhiteRD "51"]
[BlackElo "1825"]
[BlackRD "95"]
[GameID "284127"]

1. e4 c5 2. Nf3 Nc6 3. d4 cxd4 4. Nxd4 Nf6 5. Nc3 a6 6. Nxc6 dxc6 7. Qxd8+ Kxd8 8. Bf4 b5 9. O-O-O+ Ke8 10. e5 b4
11. exf6 bxc3 12. bxc3 Be6 13. a4 exf6 14. Bd6 g6 15. Bxf8 Kxf8 16. Rd6 Bd5 17. Rxf6 Kg7 18. Rd6 Rhc8 19. c4 Be6 20. Bd3 Rab8
21. Rd1 Rb4 22. a5 Ra4 23. Kd2 Rxa5 24. Be4 Bxc4 25. Bxc6 Re5 26. Re1 Rxe1 27. Kxe1 Kf8 28. Bb7 Rc7 29. Bxa6 Ke7 30. Rb6 Bxa6
31. Rxa6= Rxc2 32. Kf1 h5 33. Ra1 h4 34. h3 Ke6 35. g3 hxg3 36. fxg3 Ke5 37. Re1+ Kf5 38. Re2 Rc1+ 39. Re1 Rc2 40. Re2 Rc1+
41. Re1 Rc2 42. Re2=
1/2-1/2

[Event "Africa Cup"]
[Site "SchemingMind.com"]
[Date "2011.05.15"]
[Round "-"]
[White "davidhowell"]
[Black "zyga65"]
[Result "0-1"]
[WhiteCountry "ENG"]
[BlackCountry "POL"]
[WhiteElo "1706"]
[WhiteRD "116"]
[BlackElo "1942"]
[BlackRD "149"]
[GameID "284128"]

1. e4 c5 2. Bc4 e6 3. Nf3 d5 4. exd5 exd5 5. Be2 Nf6 6. h3 Bd6 7. d4 O-O 8. O-O Nc6 9. c3 Bf5 10. Be3 Re8
11. dxc5 Bc7 12. Nbd2 Qe7 13. b4 a6 14. Re1 Be5 15. Rc1 Rad8 16. Nxe5 Nxe5 17. Nf3 Nc4 18. Bd4 Qd7 19. Bxf6 gxf6 20. Nd4 Bg6
21. Bg4 Qc7 22. Rxe8+ Rxe8 23. Qf3 Qe5 24. Rd1 Nd2 25. Qg3 Qe1+ 26. Rxe1 Rxe1+
0-1

[Event "Africa Cup"]
[Site "SchemingMind.com"]
[Date "2011.05.19"]
[Round "-"]
[White "mugen9x9"]
[Black "Olli Ylönen"]
[Result "1-0"]
[WhiteCountry "JPN"]
[BlackCountry "FIN"]
[WhiteElo "1825"]
[WhiteRD "95"]
[BlackElo "1692"]
[BlackRD "51"]
[GameID "284133"]

1. d4 Nf6 2. c4 e6 3. Nf3 b6 4. a3 Bb7 5. Nc3 d5 6. cxd5 Nxd5 7. Qc2 Nxc3 8. Qxc3 h6 9. e3 Be7 10. Bb5+ c6
11. Ba4 O-O 12. O-O Nd7 13. b4 Qc7 14. Bc2 Nf6 15. e4 c5 16. e5 Bxf3 17. exf6 Bxf6 18. Qxf3 Bxd4 19. Rb1 cxb4 20. Be4 bxa3
21. Bxa3 Rab8 22. Bxf8 Kxf8 23. Rbc1 Qd6 24. Rfd1 a5 25. Rc4 e5 26. Bd5 f6 27. Rc6 Qd7 28. Rxf6+ gxf6 29. Qxf6+ Ke8 30. Bc6
1-0

[Event "Africa Cup"]
[Site "SchemingMind.com"]
[Date "2011.05.15"]
[Round "-"]
[White "zyga65"]
[Black "davidhowell"]
[Result "1-0"]
[WhiteCountry "POL"]
[BlackCountry "ENG"]
[WhiteElo "1970"]
[WhiteRD "171"]
[BlackElo "1720"]
[BlackRD "115"]
[GameID "284134"]

1. e4 e5 2. d4 exd4 3. Nf3 c5 4. Bc4 f6 5. O-O d6 6. c3 dxc3 7. Nxc3 Nc6 8. Qb3 Nge7 9. Bf7+ Kd7 10. Rd1 Kc7
11. Nb5+ Kb8 12. Rxd6 Qb6 13. Bf4
1-0

[Event "Africa Cup"]
[Site "SchemingMind.com"]
[Date "2011.05.17"]
[Round "-"]
[White "TONYTODD11"]
[Black "Scooter"]
[Result "0-1"]
[WhiteCountry "ENG"]
[BlackCountry "USA"]
[WhiteElo "1571"]
[WhiteRD "85"]
[BlackElo "1933"]
[BlackRD "64"]
[GameID "284224"]

1. e4 c6 2. d4 d5 3. Nc3 dxe4 4. Nxe4 Bf5 5. Bd3 Qxd4 6. Ne2 Qd8 7. N2g3 Bxe4 8. Nxe4 Nd7 9. O-O Ngf6 10. Qf3 e6
11. Bf4 Be7 12. Bd6 Nxe4 13. Bxe7 Nd2 14. Bxd8 Nxf3+ 15. gxf3 Rxd8 16. Rad1 Ne5 17. f4 Nxd3 18. Rxd3 Rxd3 19. cxd3 Ke7 20. Re1 Rd8
21. Re3 Kf6 22. Kg2 Kf5 23. Kf3 Rd5 24. h4 Rc5 25. d4 Rd5 26. Rd3 c5 27. Ke3 Rxd4 28. Rxd4 cxd4+ 29. Kxd4 Kxf4 30. b4 e5+
31. Kd3 b5 32. Ke2 h6 33. Kf1 g5 34. hxg5 hxg5
0-1

[Event "Africa Cup"]
[Site "SchemingMind.com"]
[Date "2011.05.17"]
[Round "-"]
[White "Scooter"]
[Black "TONYTODD11"]
[Result "1-0"]
[WhiteCountry "USA"]
[BlackCountry "ENG"]
[WhiteElo "1933"]
[WhiteRD "64"]
[BlackElo "1571"]
[BlackRD "85"]
[GameID "284231"]

1. d4 Nf6 2. Nf3 Nc6 3. Bf4 d6 4. h3 Nd5 5. Bg3 Bf5 6. a3 g6 7. Nbd2 Bg7 8. e4 Nxd4 9. Nxd4 e5 10. N4f3 Qf6
11. Bh4 Qe6 12. Bc4 Bxe4 13. Nxe4 c6 14. Nfg5 Qd7 15. Bxd5 cxd5 16. Qxd5 Rf8 17. Nxd6+
1-0

[Event "Africa Cup"]
[Site "SchemingMind.com"]
[Date "2011.05.19"]
[Round "-"]
[White "Don71"]
[Black "lp182"]
[Result "0-1"]
[WhiteCountry "NIR"]
[BlackCountry "CHI"]
[WhiteElo "2092"]
[WhiteRD "84"]
[BlackElo "2134"]
[BlackRD "95"]
[GameID "284356"]

1. e4 c6 2. d4 d5 3. Nc3 dxe4 4. Nxe4 Bf5 5. Ng3 Bg6 6. Nf3 Nd7 7. Bf4 Qb6 8. Bd3 Ngf6 9. O-O O-O-O 10. Bxg6 hxg6
11. Ng5 e5 12. dxe5 Nxe5 13. Qe2 Neg4 14. Nxf7 Re8
0-1

[Event "Africa Cup"]
[Site "SchemingMind.com"]
[Date "2011.05.17"]
[Round "-"]
[White "TRH"]
[Black "maro"]
[Result "1-0"]
[WhiteCountry "ENG"]
[BlackCountry "MEX"]
[WhiteElo "1985"]
[WhiteRD "65"]
[BlackElo "1299"]
[BlackRD "59"]
[GameID "284357"]

1. e4 e5 2. Nf3 Nc6 3. Bc4 Nh6 4. d3 g6 5. Nc3 Bg7 6. O-O O-O 7. Nd5 d6 8. Bg5 f6 9. Nxf6+ Kh8 10. Nxh7 Kxh7
11. Bxd8 Nxd8 12. c3 Be6 13. Bxe6 Nxe6 14. Qb3 Nc5 15. Ng5+ Kh8 16. Qd1 Bf6 17. Nf3 Rg8 18. d4 exd4 19. e5 dxe5 20. cxd4 exd4
21. Qc1 b6 22. Qxh6#
1-0

[Event "Africa Cup"]
[Site "SchemingMind.com"]
[Date "2011.05.18"]
[Round "-"]
[White "lp182"]
[Black "Don71"]
[Result "1-0"]
[WhiteCountry "CHI"]
[BlackCountry "NIR"]
[WhiteElo "2134"]
[WhiteRD "95"]
[BlackElo "2092"]
[BlackRD "84"]
[GameID "284361"]

1. d4 Nf6 2. Nf3 d5 3. e3 c5 4. b3 Nc6 5. Bd3 Bg4 6. Bb2 e6 7. Nbd2 cxd4 8. exd4 Bd6 9. O-O Qc7 10. h3 Bh5
11. c4 Bh2+ 12. Kh1 Bf4 13. Be2 Qa5 14. g3
1-0

[Event "Africa Cup"]
[Site "SchemingMind.com"]
[Date "2011.05.18"]
[Round "-"]
[White "maro"]
[Black "TRH"]
[Result "0-1"]
[WhiteCountry "MEX"]
[BlackCountry "ENG"]
[WhiteElo "1299"]
[WhiteRD "59"]
[BlackElo "1985"]
[BlackRD "65"]
[GameID "284362"]

1. e4 c6 2. d4 d5 3. e5 Bf5 4. Bd3 Bxd3 5. Qxd3 e6 6. Nf3 Nd7 7. Bg5 Ne7 8. O-O Qb6 9. b3 c5 10. dxc5 Qxc5
11. Be3 Qc7 12. Na3 Ng6 13. Nb5 Qa5 14. Bd2 Qb6 15. a3 Ngxe5 16. Nxe5 Nxe5 17. Be3 Bc5 18. Bxc5 Qxc5 19. b4 Nxd3 20. bxc5 Nxc5
21. Nc7+ Ke7 22. Nxa8 Rxa8 23. Rab1 b6 24. Rb4 Rc8 25. c4 Nd3 26. Rb5 dxc4 27. Rd1 c3 28. Rxd3 c2
0-1

[Event "Africa Cup"]
[Site "SchemingMind.com"]
[Date "2011.05.18"]
[Round "-"]
[White "Mitchell-in"]
[Black "pclaxton"]
[Result "1-0"]
[WhiteCountry "ENG"]
[BlackCountry "ENG"]
[WhiteElo "1886"]
[WhiteRD "67"]
[BlackElo "1298"]
[BlackRD "61"]
[GameID "284430"]

1. e4 e5 2. f4 Nf6 3. Nc3 d6 4. Nf3 Bg4 5. Bc4 Qd7 6. d3 Nc6 7. h3 Bxf3 8. Qxf3 Nd4 9. Qd1 Rb8 10. O-O b5
11. Bb3 b4 12. Ne2 Nxb3 13. axb3 Ra8 14. Be3 c5 15. Qe1 Be7 16. fxe5 dxe5 17. Qg3 Bd6 18. Qxg7 Ke7 19. Qxf6+ Ke8 20. Qxh8+ Bf8
21. Bh6 Ke7 22. Qxe5+ Qe6 23. Qxe6+ Kxe6 24. Bxf8 Rxf8 25. Rxa7 h5 26. Nf4+ Ke5 27. Re7+ Kd6 28. Ra7 f5 29. Ra6+ Ke5 30. exf5 Kxf5
31. Nd5+ Ke5 32. Rxf8 Kxd5 33. Rf5+ Kd4 34. Re6 c4 35. Re4#
1-0

[Event "Africa Cup"]
[Site "SchemingMind.com"]
[Date "2011.05.18"]
[Round "-"]
[White "pclaxton"]
[Black "Mitchell-in"]
[Result "0-1"]
[WhiteCountry "ENG"]
[BlackCountry "ENG"]
[WhiteElo "1298"]
[WhiteRD "61"]
[BlackElo "1886"]
[BlackRD "67"]
[GameID "284439"]

1. e4 c5 2. c4 Nc6 3. d3 g6 4. Nc3 Bg7 5. Bd2 d6 6. Rb1 e6 7. Nf3 Nge7 8. g3 O-O 9. Ng5 h6 10. Nf3 f5
11. h4 Nd4 12. Nxd4 cxd4 13. Ne2 e5 14. Bb4 a5 15. Ba3 Nc6 16. f4 fxe4 17. dxe4 Bg4 18. Bg2 exf4 19. Qb3 f3 20. Bxf3 Rxf3
21. Qxb7 Re3 22. Qxc6 Rxe2+ 23. Kd1 Rh2+ 24. Kc1 Rxh1+ 25. Kc2 Rc8 26. Qd5+ Kh7 27. Bxd6 Rxb1 28. Kxb1 Qf6 29. Bf4 d3 30. Qxd3 Qxb2#
0-1

[Event "Africa Cup"]
[Site "SchemingMind.com"]
[Date "2011.05.22"]
[Round "-"]
[White "Shaka"]
[Black "zogger"]
[Result "0-1"]
[WhiteCountry "VEN"]
[BlackCountry "GER"]
[WhiteElo "1763"]
[WhiteRD "84"]
[BlackElo "2172"]
[BlackRD "70"]
[GameID "284517"]

1. e4 e6 2. Nf3 d5 3. exd5 exd5 4. d4 Bd6 5. Bd3 Nc6 6. c3 Bg4 7. Nbd2 Nge7 8. h3 Bf5 9. Qc2 Qd7 10. Bxf5 Qxf5
11. O-O Qxc2
0-1

[Event "Africa Cup"]
[Site "SchemingMind.com"]
[Date "2011.05.22"]
[Round "-"]
[White "zogger"]
[Black "Shaka"]
[Result "1-0"]
[WhiteCountry "GER"]
[BlackCountry "VEN"]
[WhiteElo "2172"]
[WhiteRD "70"]
[BlackElo "1763"]
[BlackRD "84"]
[GameID "284522"]

1. f4 Nf6 2. Nf3 d5 3. g3 c5 4. Bg2 Nc6 5. O-O Bg4 6. d3 g6 7. Nbd2 Bg7 8. c3 O-O 9. Ne5 Nxe5 10. fxe5 Nd7
11. Bxd5 Qc7 12. e6 Bxe6 13. Bxe6 fxe6 14. Rxf8+ Rxf8 15. Qa4 b6 16. Nf3 Nb8 17. Qc4
1-0

[Event "Africa Cup"]
[Site "SchemingMind.com"]
[Date "2011.05.21"]
[Round "-"]
[White "JBurger"]
[Black "Naoki_M"]
[Result "0-1"]
[WhiteCountry "USA"]
[BlackCountry "JPN"]
[WhiteElo "1337"]
[WhiteRD "154"]
[BlackElo "1664"]
[BlackRD "77"]
[GameID "284608"]

1. c4 c5 2. d3 Nc6 3. e4 Nf6 4. Nc3 Nd4 5. Nf3 d6 6. h3 e5 7. Nxd4 exd4 8. Nd5 Nxd5 9. exd5 Be7 10. Be2 O-O
11. O-O Bf5
0-1

[Event "Africa Cup"]
[Site "SchemingMind.com"]
[Date "2011.05.21"]
[Round "-"]
[White "Naoki_M"]
[Black "JBurger"]
[Result "1-0"]
[WhiteCountry "JPN"]
[BlackCountry "USA"]
[WhiteElo "1664"]
[WhiteRD "77"]
[BlackElo "1337"]
[BlackRD "154"]
[GameID "284615"]

1. e4 e5 2. Nf3 Nc6 3. Bb5 Nf6 4. O-O Nxe4 5. d4 a6 6. Ba4 b5 7. Bb3 Be7 8. Nxe5 Nxe5 9. dxe5 d6 10. Bd5 Rb8
11. Bxe4
1-0

[Event "Africa Cup"]
[Site "SchemingMind.com"]
[Date "2011.05.22"]
[Round "-"]
[White "loco61"]
[Black "sidra"]
[Result "1-0"]
[WhiteCountry "ENG"]
[BlackCountry "HUN"]
[WhiteElo "1685"]
[WhiteRD "71"]
[BlackElo "1647"]
[BlackRD "94"]
[GameID "284746"]

1. e4 e5 2. Nf3 d6 3. Bc4 h6 4. c3 b6 5. h3 Nf6 6. d3 c6 7. Be3 Bb7 8. Nbd2 Be7 9. O-O O-O 10. Nh2 b5
11. Bb3 a5 12. a3 a4 13. Ba2 Nbd7 14. b3 axb3 15. Bxb3 c5 16. Ndf3 d5 17. exd5 Nxd5 18. c4 Nxe3 19. fxe3 bxc4 20. Bxc4 Bf6
21. Ng4 Bxf3 22. Rxf3 Qe7 23. Ra2 Qd6 24. e4 Nb6 25. Nxf6+ gxf6 26. Rg3+ Kh7 27. Qg4 Rg8 28. Qf5+ Kh8 29. Rxg8+ Rxg8 30. Bxf7 Rg5
31. Qe6 Qxe6 32. Bxe6 Rg3 33. Rd2 Kg7 34. Kf2 Rg5 35. h4 Rh5 36. g3 f5 37. Bxf5 Rxf5+ 38. exf5 Kf6 39. g4 Na4 40. Ke3 Nb6
41. Rc2 Nd7 42. Ke4 Ke7 43. g5 hxg5 44. hxg5 Kf7 45. a4 Ke7 46. a5 Kd6 47. a6 Nb6 48. g6 Nc8 49. g7 Ne7 50. a7 Ng8
51. a8=Q Nf6+ 52. Kf3
1-0

[Event "Africa Cup"]
[Site "SchemingMind.com"]
[Date "2011.05.23"]
[Round "-"]
[White "sidra"]
[Black "loco61"]
[Result "1-0"]
[WhiteCountry "HUN"]
[BlackCountry "ENG"]
[WhiteElo "1709"]
[WhiteRD "91"]
[BlackElo "1603"]
[BlackRD "68"]
[GameID "284752"]

1. d4 d5 2. e3 Nc6 3. a3 Nf6 4. f3 Bf5 5. Nc3 e6 6. g4 Bg6 7. h4 h6 8. h5 Bh7 9. Bd3 Bxd3 10. cxd3 Bd6
11. f4 Qe7 12. Nh3 O-O-O 13. O-O g5 14. hxg6 fxg6 15. Nf2 h5 16. g5 Nh7 17. Nh3 Rdf8 18. Rf2 Rf7 19. b4 Rhf8 20. Raa2 Rf5
21. e4 dxe4 22. dxe4 R5f7 23. e5 a6 24. exd6 cxd6 25. Rae2 Qd7 26. Na4 Kd8 27. Nb6 Qe7 28. d5 Nb8 29. dxe6 Rf5 30. Nd5 Rxd5
31. Qxd5 Rf5 32. Qd4 Nc6 33. Qd2 Nf8 34. Bb2 Nxe6 35. Bf6 Rxf6 36. gxf6 Qd7 37. Ng5 Ned4 38. Re4 Qg4+ 39. Kf1
1-0

[Event "Africa Cup"]
[Site "SchemingMind.com"]
[Date "2011.06.07"]
[Round "-"]
[White "Phillip Beckett"]
[Black "ampp"]
[Result "0-1"]
[WhiteCountry "ENG"]
[BlackCountry "POR"]
[WhiteElo "1676"]
[WhiteRD "50"]
[BlackElo "1195"]
[BlackRD "54"]
[GameID "284895"]

1. e4 e6 2. d4 d5 3. Nd2 Nc6 4. c3 dxe4 5. Nxe4 Nf6 6. Bg5 Be7 7. Nxf6+ Bxf6 8. Bxf6 Qxf6 9. Bd3 O-O 10. Nf3 Re8
11. O-O a6 12. Qc2 b5 13. Bxh7+ Kf8 14. Bd3 b4 15. c4 Nxd4 16. Nxd4 Qxd4 17. Rad1 Bb7 18. Bg6 Qf6 19. Be4 Bxe4 20. Qxe4 Qxb2
21. Qc6 Qxa2 22. Qxc7 Rac8 23. Qb6 Qxc4 24. Ra1 Rc6 25. Qa5 Rb8 26. h3 b3 27. Rfc1 Qxc1+ 28. Rxc1 Rxc1+ 29. Kh2 b2 30. Qa3+ Kg8
0-1

[Event "Africa Cup"]
[Site "SchemingMind.com"]
[Date "2011.05.28"]
[Round "-"]
[White "Yellow"]
[Black "otsenrechess"]
[Result "0-1"]
[WhiteCountry "INT"]
[BlackCountry "HUN"]
[WhiteElo "2340"]
[WhiteRD "63"]
[BlackElo "2147"]
[BlackRD "45"]
[GameID "284896"]

1. Nf3 c5 2. e4 Nc6 3. d4 cxd4 4. Nxd4 Nf6 5. Nc3 e5 6. Ndb5 d6 7. Bg5 a6 8. Na3 b5 9. Nd5 Be7 10. Bxf6 Bxf6
11. c3 O-O 12. Nc2 Bg5 13. a4 bxa4 14. Rxa4 a5 15. Bb5 Ne7 16. Ncb4 Bh3 17. Nxe7+ Qxe7 18. Bc6 Bxg2 19. Rg1 Rac8 20. Rxa5 Bh3
21. Qh5 Bh4 22. Qh6 g6 23. Nd5 Qd8 24. Ra6 Be6 25. Ke2 Bf6 26. b4 Bxd5 27. exd5 e4 28. Rg4 Re8 29. Qe3 Re7 30. Ra7 Bg5
31. Rxe4 Bxe3 32. Raxe7 Qb6 33. Rxe3 Rc7 34. Re8+ Kg7 35. Kf3 Ra7 36. Kg2 Qa6 37. b5 Qb6 38. Rf3 Qc5 39. h3 f5 40. Re1 Ra2
41. Rb1 Qb6 42. Kf1 Kf6 43. Re1 Qc5 44. Kg1 Rb2 45. Kg2 Qc4 46. Rfe3 Kg5 47. Rg3+ Kh4 48. Rf3 f4 49. Be8 Qxd5 50. Bc6 Qg5+
51. Kf1 Qf6 52. Re4 g5 53. Kg2 Qf5 54. c4 h5 55. Rd4 Qb1 56. Be4 Qe1 57. Bg6 Qc1 58. Rd5 Qxc4 59. Rf5 Rxb5 60. Rf8 Qe6
61. Be8 g4 62. R3xf4 Rb1 63. hxg4 hxg4 64. Rh8+ Kg5 65. Rd4 Qe1 66. Rh5+ Kf6 67. Rf4+ Ke7
0-1

[Event "Africa Cup"]
[Site "SchemingMind.com"]
[Date "2011.06.07"]
[Round "-"]
[White "ampp"]
[Black "Phillip Beckett"]
[Result "0-1"]
[WhiteCountry "POR"]
[BlackCountry "ENG"]
[WhiteElo "1195"]
[WhiteRD "54"]
[BlackElo "1676"]
[BlackRD "50"]
[GameID "284902"]

1. e4 c5 2. Nf3 d6 3. c3 g6 4. d4 cxd4 5. Nxd4 Bg7 6. Bd3 Nf6 7. O-O O-O 8. Be3 Nc6 9. Nxc6 bxc6 10. b4 a5
11. a3 axb4 12. cxb4 Bd7 13. Nc3 d5 14. exd5 Nxd5 15. Nxd5 Bxa1
0-1

[Event "Africa Cup"]
[Site "SchemingMind.com"]
[Date "2011.05.28"]
[Round "-"]
[White "otsenrechess"]
[Black "Yellow"]
[Result "0-1"]
[WhiteCountry "HUN"]
[BlackCountry "INT"]
[WhiteElo "2315"]
[WhiteRD "53"]
[BlackElo "2354"]
[BlackRD "63"]
[GameID "284903"]

1. e4 e5 2. Nf3 Nc6 3. Bb5 a6 4. Ba4 Nf6 5. O-O Be7 6. Re1 b5 7. Bb3 d6 8. c3 O-O 9. h3 Nd7 10. d4 Bf6
11. a4 Bb7 12. d5 Ne7 13. axb5 axb5 14. Rxa8 Qxa8 15. Na3 Ba6 16. Nh2 Ng6 17. Ng4 Be7 18. Ne3 Bg5 19. Qg4 Qd8 20. g3 Bh6
21. Nf5 Bxc1 22. Rxc1 Nf6 23. Qf3 Ne7 24. Nh6+ Kh8 25. Ra1 Qc8 26. h4 Qe8 27. Nc2 Bc8 28. Ra7 Nd7 29. Nf5 Nc5 30. Ba2 Nxf5
31. exf5 e4 32. Qe3 Bxf5 33. Rxc7 Qb8 34. Re7 Qd8 35. Ra7 Qb8 36. Ra3 Re8 37. Nd4 Bd7
0-1

[Event "Africa Cup"]
[Site "SchemingMind.com"]
[Date "2011.06.20"]
[Round "-"]
[White "Scooter"]
[Black "ampp"]
[Result "1-0"]
[WhiteCountry "USA"]
[BlackCountry "POR"]
[WhiteElo "1933"]
[WhiteRD "64"]
[BlackElo "1195"]
[BlackRD "54"]
[GameID "287156"]

1. d4 d5 2. Nf3 Nf6 3. Bf4 Nc6 4. e3 Bf5 5. Bb5 a6 6. Bxc6+ bxc6 7. Ne5 Bd7 8. c3 e6 9. O-O Be7 10. Nd2 Bd6
11. c4 dxc4 12. Ndxc4 Bxe5 13. Nxe5 O-O 14. Rc1 Rb8 15. Nxc6 Bxc6 16. Rxc6 Rb6 17. Bxc7 Rxc6 18. Bxd8
1-0

[Event "Africa Cup"]
[Site "SchemingMind.com"]
[Date "2011.06.21"]
[Round "-"]
[White "ampp"]
[Black "Scooter"]
[Result "0-1"]
[WhiteCountry "POR"]
[BlackCountry "USA"]
[WhiteElo "1195"]
[WhiteRD "54"]
[BlackElo "1933"]
[BlackRD "64"]
[GameID "287162"]

1. e4 c6 2. d4 d5 3. exd5 cxd5 4. Nc3 Nf6 5. Nf3 Nc6 6. Bb5 Bg4 7. h3 Bxf3 8. Qxf3 e6 9. O-O Be7 10. Bxc6+ bxc6
11. Qg3 g6 12. Bh6 Qb6 13. Rab1 Qxd4 14. Qc7 Qb6 15. Qf4 Qd8 16. a3 Qd6 17. Qxd6 Bxd6 18. Bg7 Ke7 19. b4 Rhg8 20. Bxf6+ Kxf6
21. f4 a5 22. g4 axb4 23. axb4 Rgb8 24. b5 cxb5 25. Nxb5 Bc5+ 26. Kg2 Ra5
0-1

[Event "Africa Cup"]
[Site "SchemingMind.com"]
[Date "2011.07.01"]
[Round "-"]
[White "baron1"]
[Black "TRH"]
[Result "0-1"]
[WhiteCountry "ENG"]
[BlackCountry "ENG"]
[WhiteElo "2326"]
[WhiteRD "102"]
[BlackElo "2070"]
[BlackRD "62"]
[GameID "287811"]

1. c4 Nf6 2. Nc3 e6 3. Nf3 d5 4. d4 Be7 5. Bg5 h6 6. Bh4 O-O 7. e3 b6 8. Be2 Bb7 9. Bxf6 Bxf6 10. cxd5 exd5
11. b4 c6 12. O-O a5 13. b5 c5 14. Ne5 cxd4 15. exd4 Bxe5 16. dxe5 d4 17. Na4 Qg5 18. Bg4 Qxe5 19. Nxb6 Ra7 20. Rc1 Qxb5
21. Qxd4 Ra6 22. Rb1 Qg5 23. Nd7 Nxd7 24. Rxb7 Ne5 25. Be2 Rg6 26. Qe4 Re6 27. f4 Ng6 28. fxg5 Rxe4 29. Bf3 Re5 30. gxh6 gxh6
31. Bd1 Re7 32. Rxe7 Nxe7 33. Bh5 Kg7 34. a4 f6 35. Rb1 Rd8 36. Rb7 Kf8 37. Ra7 Rd5 38. Be2 Nf5 39. Bb5 Rd1+ 40. Kf2 Rd2+
41. Kf3 Nh4+ 42. Kg3 Nxg2 43. Rxa5 Ne3 44. Ra8+ Kg7 45. a5 Nf5+ 46. Kh3 Rd5 47. Bc4 Rc5 48. Bd3 Nd4 49. Rd8 Nc6 50. Rd7+ Kf8
51. a6 Rc3 52. Kg2 Ke8 53. Rd5 Ne5 54. Bb5+ Ke7 55. Rd4 Rc5 56. Ra4 Rc8 57. Bf1 Kd6 58. Kg3 Nc6 59. Kh4 Na7 60. Rf4 Ke5
61. Rc4 Ra8 62. Kh5 Kd6 63. h4 Rh8 64. Rd4+ Ke6 65. Bh3+ Ke5 66. Rc4 Kd6 67. Rf4 Ke5 68. Re4+ Kxe4
0-1

[Event "Africa Cup"]
[Site "SchemingMind.com"]
[Date "2011.07.01"]
[Round "-"]
[White "TRH"]
[Black "baron1"]
[Result "0-1"]
[WhiteCountry "ENG"]
[BlackCountry "ENG"]
[WhiteElo "2060"]
[WhiteRD "60"]
[BlackElo "2371"]
[BlackRD "99"]
[GameID "287815"]

1. d4 Nf6 2. c4 e6 3. Nf3 d5 4. Nc3 c6 5. Bg5 h6 6. Bxf6 Qxf6 7. e3 Nd7 8. Rc1 g6 9. Bd3 dxc4 10. Bxc4 Bg7
11. O-O O-O 12. b4 Qe7 13. Qb3 b6 14. e4 Bb7 15. Rfe1 Rac8 16. a3 Rfd8 17. Rcd1 a6 18. Be2 Rb8 19. Qc2 a5 20. bxa5 bxa5
21. a4 Nb6 22. Rb1 Ba8 23. Rbd1 c5 24. d5 exd5 25. exd5 c4 26. Nd4 Qc5 27. Nc6 Bxc6 28. dxc6 Rxd1 29. Rxd1 Qxc6 30. Bf3 Qf6
31. Nd5 Nxd5 32. Bxd5 c3 33. Bb3 Qb6 34. Rb1 Qd6 35. Qe2 Kh7 36. Bc2 Rb2 37. Rd1 Bd4 38. g3 Kg7 39. Rd3 Qc5 40. h3 h5
41. Rf3 Qd5 42. Rd3 h4 43. g4 Qe5 44. Qxe5+ Bxe5 45. Re3 f6 46. Re2 Bf4 47. Kg2 Bd2
0-1